01608nam a2200241Ia 4500001000600000003000900006008004100015040001300056040001300069041001300082100001100095100002900106245004900135245004900184250001100233260001300244260001100257260004900268300005700317500092900374650003201303650003101335C5766IT-RoPAU130308s9999 xx 000 0 und d aIT-RoPAU cIT-RoPAU aFRANCESE aDuc B. gCodice Aut. SPICS: 41793 aArt de la B.D. (L')-2-Du dessin a la couleur bArt de la B.D. (L')-2-Du Dessin a la Couleur a1a ed. aGRENOBLE bGlenat c1983 [1° Ed.:1983 - Ed.Ling.Originale:1983] a"170 p. (prefazione: no ; testo: 170 [pagine: 0-0])" aArte del Fumetto: dal Disegno al Colore. Arte del Disegno: Arte del Designatore, Abc del Disegno, Disegno dei Personaggi, proporzioni del Corpo Umano, Grandi Tipi Umani, Sguardo Umano, proporzioni del Viso, Specia Umana Illustrata, Giochi di Fisionomia, proporzioni del viso Visto in Prospettiva, Gesto, Anatomia del Corpo Umano, Dettagli, Personaggi in Movimento, Decorazioni e Paesaggi, Personaggi visti in Prospettiva. Creazione Artistica: segreti della Creazione, Esaltazione del Gesto, Espressioni del Viso, Scene e Paesaggi, ultimo tocco Alla Realtà. Tecnica del Disegno a Tratto: Materiale del Disegnatore, scelta delle Tecniche, Stile Pittorico, Differenti Piani dell'Immagine, Illuminazione e Ombre. Arte dell'Inquadratura: regole Elementari della Composizione, Inquadratura dei Personaggi, Inquadratura dei Gruppidi Personaggi, Inquadratura delle Scene di Azione e dei Personaggi nella Scena, Artisti del Colore. aAUTORI/OPERE DI PUBBLICITA' eCodice materia Spics: 6207